Brawl Stars: Lola Skins by Picture - Statistics

General Stats
  • This quiz has been taken 24 times
    10 since last reset
  • The average score is 5 of 10
Answer Stats
Picture Answer % Correct
Cobra Lola
89%
Kitsune Lola
67%
True Gold Lola
67%
True Silver Lola
67%
Galaxy Storm Lola
56%
High Flyer Lola
56%
Lavish Lola
33%
Lawless Lola
33%
Loopy Lola
33%
Rebel Lola
33%
No matching quizzes found
Score Distribution
Percent of People with Each Score
Percentile by Number Answered
Your Score History
You have not taken this quiz since the last reset